Medios masivos y educación de adultos
Gorde:
| Egile nagusia: | |
|---|---|
| Erakunde egilea: | |
| Formatua: | Liburua |
| Hizkuntza: | gaztelania |
| Argitaratua: |
Santiago
Secretariado de Comunicación Social
1976
|
| Saila: | Documentos CENDOC
|
| Gaiak: | |
| Etiketak: |
Etiketa erantsi
Etiketarik gabe, Izan zaitez lehena erregistro honi etiketa jartzen!
|
MARC
| LEADER | 00000nam a2200000 a 4500 | ||
|---|---|---|---|
| 001 | UCZ9822 | ||
| 003 | CL-VaPUC | ||
| 005 | 20210908074414.0 | ||
| 008 | 960311e19760000cl 1 spa d | ||
| 082 | 0 | 4 | |a 374.26 |b FON |2 21 |
| 100 | 1 | |a Fontecilla Camps, María Eugenia |e author |9 617511 | |
| 110 | 2 | |a Centro de Documentación en Comunicación Educativa |e author |9 617512 | |
| 245 | 1 | 0 | |a Medios masivos y educación de adultos |
| 260 | |a Santiago |b Secretariado de Comunicación Social |c 1976 | ||
| 300 | |a 16 p | ||
| 490 | 0 | |a Documentos CENDOC | |
| 583 | |a last modification |c 19960311 00:00:00 |k Rodrigo Vera | ||
| 650 | 0 | 0 | |a Educación de adultos |9 307580 |
| 650 | 0 | 7 | |a MATERIAL AUDIOVISUAL |2 CL-VaPUC |9 308466 |
| 650 | 0 | 0 | |a Tecnología educacional |9 307265 |
| 650 | 0 | 0 | |a Medios de comunicación de masas |9 257273 |
| 650 | 0 | 0 | |a Métodos de enseñanza |9 270413 |
| 650 | 0 | 7 | |a MATERIAL Y EQUIPO DIDACTICOS |2 CL-VaPUC |9 309109 |
| 942 | |c BK | ||
| 945 | |a lriquelm |d 19960311 00:00:00 | ||
| 546 | |a En Español | ||
| 536 | |a Universidad de Chile | ||
| 518 | |p Educación de Adultos, Santiago, 28 de Enero de 1976 | ||
| 999 | |c 382512 |d 382510 | ||
| 952 | |0 0 |1 0 |4 0 |6 374_260000000000000_FON_1976 |7 0 |8 P |9 504248 |a BIBEDU |b BIBEDU |c BIBEDU_PB |d 2020-01-23 |i 1630202 |o 374.26 FON 1976 |p 1630202 |r 2024-01-25 |w 2020-01-23 |y BK |k EDU | ||